000 01372nam a2200301 i 4500
003 EG-GICUC
005 20260121101340.0
008 251124s1954 us ||||fr|||| 001 0 ara d
040 _a EG-GICUC
_bara
_c EG-GICUC
_d EG-GICUC
_erda
041 _aara
082 0 4 _a343.402
_bع ب . م
_221
092 0 4 _221
099 _aLaw1 10 343.402 ع ب . م 1954 1006918
100 0 _aعبد الحميد النجاري.
_eمؤلف.
245 1 0 _aمدونة التشريعات الجنائية :
_bتتضمن أهم التشريعات الجنائية التي صدرت خلال سنة 1950 - 1954 كما تتضمن أهم القوانين والقرارات واللوائح التي صدرت قبل ذلك التاريخ والتي تعرض دائما على المحاكم /
_cوضع عبد الحميد النجاري.
264 1 _aالقاهرة :
_bمطبعة نهضة مصر،
_c1954.
300 _a413 صفحة ؛
_c24 سم.
336 _2rda content
_atext
337 _2rda media
_aComputer
338 _2rda carrier
_aOnline Resource
504 _aيشتمل على ارجاعات ببليوجرافية.
546 _aالنص باللغة العربية
650 1 _aالتشريعات الجنائية الخاصة.
_2qrmak
651 1 _2qrmak
856 4 0 _uhttps://fll.law.cu.edu.eg/fulltext/bks/B10-06918.pdf
905 _a18
942 _2ddc
_n0
_cBK
_e21
999 _c45797
_d45797